[Event "BL 1819 SF Berlin - SC Viernheim"]
[Site "?"]
[Date "2019.03.10"]
[Round "13.6"]
[White "Seyb, Alexander"]
[Black "Abergel, Thal"]
[Result "1/2-1/2"]
[WhiteElo "2426"]
[BlackElo "2431"]
[PlyCount "40"]
[EventDate "2019.??.??"]

1. e4 c5 2. Nf3 d6 3. d4 cxd4 4. Nxd4 Nf6 5. Nc3 a6 6. Be3 Ng4 7. Bc1 Nf6 8. a3
g6 9. f3 Bg7 10. Be3 O-O 11. Qd2 Nc6 12. O-O-O Nxd4 13. Bxd4 Be6 14. g4 Qa5 15.
Kb1 Rfc8 16. h4 b5 17. Ne2 Qxd2 18. Rxd2 Nd7 19. Bxg7 Kxg7 20. Nd4 Ne5 1/2-1/2

[Event "BL 1819 SF Berlin - SC Viernheim"]
[Site "?"]
[Date "2019.03.10"]
[Round "13.7"]
[White "Markert, Malte"]
[Black "Florstedt, Johannes"]
[Result "1/2-1/2"]
[WhiteElo "2330"]
[BlackElo "2337"]
[PlyCount "77"]
[EventDate "2019.??.??"]

1. d4 Nf6 2. c4 g6 3. Nc3 d5 4. cxd5 Nxd5 5. e4 Nxc3 6. bxc3 Bg7 7. Bc4 c5 8.
Ne2 Nc6 9. Be3 O-O 10. O-O Na5 11. Bd3 b6 12. Qd2 e5 13. Bg5 Qd7 14. Bh6 cxd4
15. cxd4 exd4 16. Bxg7 Kxg7 17. Qb2 Rd8 18. Rad1 Kg8 19. Bb5 Qe7 20. Nxd4 Bb7
21. Rfe1 Rac8 22. Bf1 Nc4 23. Qb3 Qc5 24. Nf3 Rxd1 25. Qxd1 b5 26. h3 a6 27.
Qc1 Ne5 28. Qf4 Nxf3+ 29. Qxf3 Qc2 30. a3 Rc3 31. Qf6 Rc8 32. e5 Qd2 33. e6
Qxe1 34. Qxf7+ Kh8 35. Qf6+ Kg8 36. Qf7+ Kh8 37. Qf6+ Kg8 38. Qf7+ Kh8 39. Qf6+
1/2-1/2

[Event "BL 1819 SF Berlin - SC Viernheim"]
[Site "?"]
[Date "2019.03.10"]
[Round "13.8"]
[White "Schmidek, Emil"]
[Black "Heinemann, Josefine"]
[Result "1-0"]
[WhiteElo "2385"]
[BlackElo "2238"]
[PlyCount "83"]
[EventDate "2019.??.??"]

1. e4 e5 2. Nf3 Nc6 3. Bb5 a6 4. Ba4 Nf6 5. d3 b5 6. Bb3 Bc5 7. O-O d6 8. a4
Rb8 9. axb5 axb5 10. Nc3 h6 11. Be3 Nd4 12. Bxd4 exd4 13. Nd5 Nxd5 14. Bxd5 O-O
15. Nd2 Bd7 16. f4 c6 17. Bb3 Kh7 18. f5 Qf6 19. Nf3 Rbe8 20. g4 g5 21. Qd2 Rg8
22. Kh1 Rg7 23. Rg1 Kg8 24. h4 d5 25. e5 Rxe5 26. Nxe5 Qxe5 27. Rae1 Qf6 28. h5
Kh7 29. Rgf1 Rg8 30. c4 bxc4 31. dxc4 Rb8 32. Qd3 Kg7 33. Rf2 dxc4 34. Bxc4 Bd6
35. Ra1 Be5 36. Ra7 Rd8 37. b4 Bf4 38. Re2 Qd6 39. Be6 Bxe6 40. fxe6 Qd5+ 41.
Kg1 Be3+ 42. Rxe3 1-0

[Event "BL 1819 MSA Zugzwang - Düsseldorfer SK"]
[Site "?"]
[Date "2019.03.24"]
[Round "13.1"]
[White "Demchenko, Anton"]
[Black "Kindermann, Stefan"]
[Result "1-0"]
[WhiteElo "2678"]
[BlackElo "2493"]
[PlyCount "113"]
[EventDate "2019.??.??"]

1. e4 e6 2. d4 d5 3. Nd2 Be7 4. Ngf3 Nf6 5. e5 Nfd7 6. c3 c5 7. Be2 Nc6 8. O-O
O-O 9. Re1 f6 10. exf6 Nxf6 11. Bd3 Qb6 12. a3 a5 13. Ng5 c4 14. Bc2 e5 15.
dxe5 Ng4 16. Ndf3 Qxf2+ 17. Kh1 Qc5 18. Nh3 Be6 19. Bg5 h6 20. Nd4 Nxd4 21.
Bxe7 Qxe7 22. Qxd4 Rac8 23. Kg1 Qc5 24. Qxc5 Rxc5 25. Rad1 Bf5 26. Bxf5 Rxf5
27. e6 Kf8 28. Rd4 Re5 29. Rf1+ Nf6 30. Nf4 Ke8 31. Rdd1 Rb5 32. Rd2 g5 33. Ne2
Ne4 34. Rc2 Rb6 35. Nd4 Nc5 36. Rcf2 Nxe6 37. Rf6 Ra6 38. Nb5 Rc6 39. Rxh6 Nf4
40. Rh8+ Kd7 41. g3 Nd3 42. Rf7+ Re7 43. Rxe7+ Kxe7 44. Rh7+ Kf8 45. Rxb7 Re6
46. Nd4 Re1+ 47. Kg2 g4 48. h3 gxh3+ 49. Kxh3 Rb1 50. Kg4 Rxb2 51. Rxb2 Nxb2
52. Kf4 Nd1 53. Ne2 a4 54. Ke5 Ne3 55. Nd4 Ke7 56. Nc6+ Kd7 57. Nb4 1-0

[Event "BL 1819 MSA Zugzwang - Düsseldorfer SK"]
[Site "?"]
[Date "2019.03.24"]
[Round "13.3"]
[White "Berelowitsch, Alexander"]
[Black "Zysk, Robert"]
[Result "1/2-1/2"]
[WhiteElo "2523"]
[BlackElo "2402"]
[PlyCount "49"]
[EventDate "2019.??.??"]

1. e4 e6 2. d4 d5 3. Nd2 c5 4. exd5 exd5 5. Ngf3 Nf6 6. Bb5+ Bd7 7. Bxd7+ Nbxd7
8. O-O Be7 9. dxc5 Nxc5 10. Nb3 Nce4 11. Nfd4 Nd6 12. Qf3 O-O 13. Nf5 Nxf5 14.
Qxf5 Qc8 15. Qxc8 Raxc8 16. c3 Rfe8 17. Be3 b6 18. Bd4 Ne4 19. Rfd1 Bg5 20. Kf1
Nd6 21. Nd2 Nc4 22. Nf3 Bh6 23. Rab1 f6 24. a4 Kf7 25. Rd3 1/2-1/2

[Event "BL 1819 MSA Zugzwang - Düsseldorfer SK"]
[Site "?"]
[Date "2019.03.24"]
[Round "13.4"]
[White "Schramm, Christian"]
[Black "Orlov, Andrey"]
[Result "1/2-1/2"]
[WhiteElo "2361"]
[BlackElo "2498"]
[PlyCount "44"]
[EventDate "2019.??.??"]

1. e4 d5 2. Nc3 dxe4 3. Nxe4 Nd7 4. g3 Ngf6 5. Nxf6+ Nxf6 6. Bg2 c6 7. Nf3 Bg4
8. h3 Bxf3 9. Qxf3 e6 10. O-O Be7 11. Rd1 O-O 12. d4 Qb6 13. b3 a5 14. a4 Rfd8
15. Bb2 Nd5 16. h4 Bf6 17. Rd2 Ne7 18. Rad1 Nf5 19. Qg4 g6 20. h5 Rd7 21. hxg6
hxg6 22. Be4 Rad8 1/2-1/2

[Event "BL 1819 MSA Zugzwang - Düsseldorfer SK"]
[Site "?"]
[Date "2019.03.24"]
[Round "13.5"]
[White "Miedema, David"]
[Black "Gerigk, Erasmus"]
[Result "1-0"]
[WhiteElo "2356"]
[BlackElo "2343"]
[PlyCount "61"]
[EventDate "2019.??.??"]

1. e4 c5 2. Nf3 Nc6 3. d4 cxd4 4. Nxd4 e5 5. Nb5 d6 6. N1c3 a6 7. Na3 b5 8. Nd5
Nge7 9. c4 Nd4 10. cxb5 Nxd5 11. exd5 Bd7 12. bxa6 Qa5+ 13. b4 Qxb4+ 14. Qd2
Qa4 15. Rb1 Rc8 16. Bd3 Be7 17. O-O O-O 18. Qb4 Qxb4 19. Rxb4 Rc3 20. Rd1 Rfc8
21. Bb2 R3c5 22. Bxd4 exd4 23. Nc4 Bd8 24. Nxd6 Rc1 25. Nxc8 Rxd1+ 26. Bf1 d3
27. a7 Bb5 28. Rd4 d2 29. h4 Rxf1+ 30. Kh2 Bc7+ 31. d6 1-0

[Event "BL 1819 MSA Zugzwang - Düsseldorfer SK"]
[Site "?"]
[Date "2019.03.24"]
[Round "13.6"]
[White "Hoffmeyer, Falk"]
[Black "Schuh, Dirk"]
[Result "1-0"]
[WhiteElo "2355"]
[BlackElo "2383"]
[PlyCount "47"]
[EventDate "2019.??.??"]

1. d4 g6 2. Nf3 Bg7 3. Bg5 d6 4. e3 Nd7 5. Be2 h6 6. Bh4 g5 7. Bg3 f5 8. Bd3 e6
9. c3 Ne7 10. Qc2 Rf8 11. h3 e5 12. Ng1 f4 13. Bh2 Nf6 14. dxe5 dxe5 15. exf4
exf4 16. Na3 Qd5 17. O-O-O Bf5 18. Bxf5 Qxf5 19. Qb3 Ne4 20. Nb5 Be5 21. Nf3
Rf6 22. Rhe1 Nc5 23. Qc4 Bd6 24. Rd5 1-0

[Event "BL 1819 MSA Zugzwang - Düsseldorfer SK"]
[Site "?"]
[Date "2019.03.24"]
[Round "13.7"]
[White "Harff, Marcel"]
[Black "Eichler, Christoph"]
[Result "1-0"]
[WhiteElo "2412"]
[BlackElo "2304"]
[PlyCount "81"]
[EventDate "2019.??.??"]

1. c4 e6 2. Nf3 d5 3. e3 Nf6 4. b3 Nbd7 5. Bb2 c6 6. Qc2 Bd6 7. Nc3 Qe7 8. Be2
a6 9. d4 O-O 10. O-O dxc4 11. bxc4 e5 12. a4 Re8 13. Rfd1 e4 14. Nd2 Nf8 15.
Nf1 Bf5 16. Qb3 Rad8 17. Ba3 Bc8 18. Bxd6 Qxd6 19. Qa3 Qc7 20. a5 h5 21. Qb4 h4
22. Rab1 h3 23. g3 Qd7 24. Na4 Qf5 25. Nc5 Ng4 26. Qe1 Re7 27. Nd2 Nf6 28. Rb2
Ne6 29. Nxe6 Rxe6 30. Nb3 Nd7 31. d5 Rd6 32. dxc6 Rxd1 33. Qxd1 bxc6 34. Rd2
Qe5 35. Bg4 f5 36. Bxh3 g6 37. Rd6 Kf7 38. Rxc6 Ke7 39. Nd4 Nf6 40. Rxa6 Bd7
41. Re6+ 1-0

[Event "BL 1819 MSA Zugzwang - Düsseldorfer SK"]
[Site "?"]
[Date "2019.03.24"]
[Round "13.8"]
[White "Lammers, Markus"]
[Black "Kohlweyer, Bernd"]
[Result "1-0"]
[WhiteElo "2309"]
[BlackElo "2341"]
[PlyCount "65"]
[EventDate "2019.??.??"]

1. d4 Nf6 2. Nf3 b6 3. Bf4 Bb7 4. e3 g6 5. Be2 Bg7 6. O-O O-O 7. c4 d6 8. h3
Nbd7 9. Nc3 Ne4 10. Nxe4 Bxe4 11. Qd2 e5 12. Bh2 a5 13. Rfd1 Qe7 14. Rac1 Rfe8
15. b3 Bb7 16. d5 f5 17. a3 h5 18. Qc2 Rf8 19. b4 g5 20. Nd2 Qf7 21. f4 Bh6 22.
Nf3 gxf4 23. exf4 axb4 24. axb4 Rae8 25. Ra1 exf4 26. Ra7 Bc8 27. Rxc7 Re7 28.
Nd4 Ne5 29. Rxc8 Rxc8 30. Nxf5 Qf6 31. Nxe7+ Qxe7 32. Qf5 Rf8 33. Qe6+ 1-0

[Event "BL 1819 BCA Augsburg - SG Solingen"]
[Site "?"]
[Date "2019.03.24"]
[Round "13.1"]
[White "Van Wely, Loek"]
[Black "Laznicka, Viktor"]
[Result "1/2-1/2"]
[WhiteElo "2612"]
[BlackElo "2670"]
[PlyCount "83"]
[EventDate "2019.??.??"]

1. d4 d5 2. c4 dxc4 3. Nf3 Nf6 4. e3 e6 5. Bxc4 c5 6. O-O a6 7. a4 Nc6 8. Nc3
cxd4 9. exd4 Be7 10. Bg5 O-O 11. Re1 h6 12. Bf4 Nd5 13. Bg3 b6 14. Nxd5 exd5
15. Bf1 Be6 16. Rc1 Qd7 17. Re3 Rfc8 18. Rec3 Bb4 19. R3c2 Bf5 20. Bd3 Bxd3 21.
Qxd3 Bf8 22. Qd1 b5 23. axb5 axb5 24. h3 Qb7 25. Nh4 Ne7 26. Rc7 Rxc7 27. Rxc7
Qa6 28. Qe2 Ra7 29. Rxa7 Qxa7 30. Qxb5 Qxd4 31. Nf3 Qd1+ 32. Kh2 Nf5 33. Qe8 d4
34. Ne5 Qb3 35. Nd7 Qb4 36. Nxf8 Qxf8 37. Qxf8+ Kxf8 38. Kg1 Ke7 39. Kf1 Ke6
40. Ke2 Kd5 41. Kd3 Ne7 42. Bf4 1/2-1/2

[Event "BL 1819 BCA Augsburg - SG Solingen"]
[Site "?"]
[Date "2019.03.24"]
[Round "13.2"]
[White "Prusikin, Michael"]
[Black "L'Ami, Erwin"]
[Result "1/2-1/2"]
[WhiteElo "2523"]
[BlackElo "2645"]
[PlyCount "45"]
[EventDate "2019.??.??"]

1. e4 e5 2. Nf3 Nc6 3. Nc3 Nf6 4. d4 exd4 5. Nxd4 Bb4 6. Nxc6 bxc6 7. Bd3 d5 8.
exd5 cxd5 9. O-O O-O 10. h3 c6 11. Qf3 Re8 12. Bf4 Be6 13. Ne2 Bd6 14. Bxd6
Qxd6 15. Qf4 Qxf4 16. Nxf4 Reb8 17. b3 a5 18. Rfe1 Bd7 19. c4 a4 20. cxd5 g5
21. dxc6 Bxc6 22. Ne2 axb3 23. axb3 1/2-1/2

[Event "BL 1819 BCA Augsburg - SG Solingen"]
[Site "?"]
[Date "2019.03.24"]
[Round "13.3"]
[White "Tari, Aryan"]
[Black "Rozentalis, Eduardas"]
[Result "1/2-1/2"]
[WhiteElo "2613"]
[BlackElo "2539"]
[PlyCount "69"]
[EventDate "2019.??.??"]

1. e4 e5 2. Nf3 Nf6 3. d4 Nxe4 4. dxe5 d5 5. Nbd2 Be7 6. Nxe4 dxe4 7. Qxd8+
Bxd8 8. Nd4 Bd7 9. Bc4 Nc6 10. Nxc6 Bxc6 11. Be3 O-O 12. e6 fxe6 13. Bxe6+ Kh8
14. O-O-O Bf6 15. Bd7 Bxd7 16. Rxd7 Rac8 17. Re1 Kg8 18. Bd2 Rcd8 19. Rxd8 Bxd8
20. Be3 a6 21. g3 h6 22. h4 Bf6 23. c3 Re8 24. Bf4 Re7 25. h5 Kf7 26. Kd2 c6
27. Ke3 g5 28. hxg6+ Kxg6 29. Rd1 h5 30. Rd8 Kf5 31. a4 Rf7 32. Re8 Re7 33. Rf8
Rd7 34. Ke2 Kg6 35. Be3 1/2-1/2

[Event "BL 1819 BCA Augsburg - SG Solingen"]
[Site "?"]
[Date "2019.03.24"]
[Round "13.4"]
[White "Nestorovic, Nikola"]
[Black "Andersen, Mads"]
[Result "1/2-1/2"]
[WhiteElo "2467"]
[BlackElo "2599"]
[PlyCount "82"]
[EventDate "2019.??.??"]

1. d4 Nf6 2. Nf3 d5 3. Nbd2 e6 4. e3 b6 5. b3 Bd6 6. Bb2 O-O 7. Bd3 Ba6 8. c4
Nbd7 9. O-O Qe7 10. a4 Bb4 11. Qc2 c5 12. Ne5 Nb8 13. cxd5 exd5 14. Rfd1 Rc8
15. Rac1 Bxd3 16. Qxd3 Qe6 17. e4 Nbd7 18. exd5 Qxd5 19. Ndc4 cxd4 20. Nxd7
Qxd7 21. Bxd4 Qe6 22. Qf3 Ne4 23. h3 Rd8 24. Qg4 Qxg4 25. hxg4 Bc5 26. Be3 Bxe3
27. Rxd8+ Rxd8 28. Nxe3 Nc5 29. Rc3 Rd3 30. Rxd3 Nxd3 31. a5 bxa5 32. Nc4 Kf8
33. Nxa5 Ne5 34. f4 Nd3 35. g3 Ke8 36. Kf1 Kd7 37. Ke2 Nc5 38. Ke3 Kc7 39. Kd4
Kb6 40. b4 Ne6+ 41. Kc3 f6 1/2-1/2

[Event "BL 1819 BCA Augsburg - SG Solingen"]
[Site "?"]
[Date "2019.03.24"]
[Round "13.5"]
[White "Smeets, Jan"]
[Black "Pitl, Gregory"]
[Result "1-0"]
[WhiteElo "2593"]
[BlackElo "2385"]
[PlyCount "47"]
[EventDate "2019.??.??"]

1. e4 c5 2. Nf3 d6 3. d4 cxd4 4. Nxd4 Nf6 5. f3 Nc6 6. c4 g6 7. Be3 Bg7 8. Nc3
O-O 9. Qd2 Be6 10. Be2 Qa5 11. Nb3 Qc7 12. Nd5 Qd7 13. O-O-O Rfc8 14. Kb1 Ne5
15. Rc1 Bxd5 16. cxd5 Rxc1+ 17. Rxc1 e6 18. dxe6 fxe6 19. Qc2 Kf7 20. Nd4 Ke7
21. Bb5 Qd8 22. Qc7+ Qxc7 23. Rxc7+ Ned7 24. Bg5 1-0

[Event "BL 1819 BCA Augsburg - SG Solingen"]
[Site "?"]
[Date "2019.03.24"]
[Round "13.6"]
[White "Stankovic, Milos"]
[Black "Nikolic, Predrag"]
[Result "1/2-1/2"]
[WhiteElo "2460"]
[BlackElo "2572"]
[PlyCount "86"]
[EventDate "2019.??.??"]

1. e4 e6 2. d4 d5 3. Nc3 Bb4 4. Nge2 dxe4 5. a3 Be7 6. Nxe4 Nd7 7. N2g3 Ngf6 8.
Be2 O-O 9. O-O Rb8 10. Bf3 b5 11. Re1 Bb7 12. Bd2 Nxe4 13. Bxe4 Nf6 14. Bxb7
Rxb7 15. Bb4 c6 16. c3 a5 17. Bxe7 Qxe7 18. Qf3 Rc8 19. Ne4 Nxe4 20. Rxe4 Rd7
21. Re5 Rd5 22. Qe2 Rcd8 23. Rxd5 Rxd5 24. a4 Qd8 25. g3 h5 26. h4 g6 27. Qc2
Qb6 28. Qb3 b4 29. Re1 Qa7 30. Re5 bxc3 31. Rxd5 cxd5 32. Qxc3 Qb6 33. Kf1 Kf8
34. Ke2 Ke7 35. Kf3 Kd7 36. Ke2 Kd6 37. Qa3+ Kd7 38. Qc3 f6 39. Kf3 g5 40. Kg2
g4 41. f3 f5 42. f4 Kd6 43. Kf2 Kd7 1/2-1/2

[Event "BL 1819 BCA Augsburg - SG Solingen"]
[Site "?"]
[Date "2019.03.24"]
[Round "13.7"]
[White "Naumann, Alexander"]
[Black "Schmittdiel, Eckhard"]
[Result "1-0"]
[WhiteElo "2538"]
[BlackElo "2432"]
[PlyCount "79"]
[EventDate "2019.??.??"]

1. e4 e6 2. d4 d5 3. Nd2 a6 4. Ngf3 Nf6 5. e5 Nfd7 6. Bd3 c5 7. c3 Nc6 8. O-O
Be7 9. Re1 Qb6 10. dxc5 Nxc5 11. Bc2 a5 12. Nb3 Nxb3 13. axb3 Bd7 14. Bg5 Bxg5
15. Nxg5 h6 16. Nf3 O-O-O 17. Qd2 f6 18. b4 fxe5 19. bxa5 Qc7 20. a6 bxa6 21.
Rxa6 Nb8 22. Ra3 e4 23. Nd4 e5 24. Nb3 Bb5 25. Qe3 Rd7 26. Rea1 Rf8 27. Ra7 Qd6
28. Bd1 Rxa7 29. Rxa7 Bd7 30. Nc5 d4 31. cxd4 exd4 32. Nxe4 Qb4 33. Qc1+ Kd8
34. Qc7+ Ke7 35. Qe5+ Kf7 36. Nc5 Re8 37. Bh5+ g6 38. Qf5+ Kg8 39. Qxg6+ Kh8
40. Qf6+ 1-0

[Event "BL 1819 BCA Augsburg - SG Solingen"]
[Site "?"]
[Date "2019.03.24"]
[Round "13.8"]
[White "Kukov, Velislav"]
[Black "Wegerle, Joerg"]
[Result "1/2-1/2"]
[WhiteElo "2345"]
[BlackElo "2409"]
[PlyCount "41"]
[EventDate "2019.??.??"]

1. Nf3 d5 2. g3 Nf6 3. Bg2 c6 4. O-O Bg4 5. d4 Nbd7 6. Nbd2 e6 7. Re1 Be7 8. e4
dxe4 9. Nxe4 Nxe4 10. Rxe4 Bf5 11. Re1 O-O 12. c3 Qb6 13. Qb3 h6 14. Nd2 a5 15.
Ne4 a4 16. Qxb6 Nxb6 17. Bf4 Ra7 18. Bd6 Bxe4 19. Bxe7 Re8 20. Bc5 Bxg2 21.
Bxb6 1/2-1/2

[Event "BL 1819 SV 1920 Hofheim - SV Werder Bre"]
[Site "?"]
[Date "2019.03.24"]
[Round "13.1"]
[White "Areshchenko, Alexander"]
[Black "Perske, Thore"]
[Result "1-0"]
[WhiteElo "2661"]
[BlackElo "2443"]
[PlyCount "85"]
[EventDate "2019.??.??"]

1. Nf3 Nf6 2. g3 g6 3. Bg2 Bg7 4. c4 O-O 5. d4 d6 6. Nc3 Nc6 7. O-O e5 8. d5
Nb8 9. e4 a5 10. Ne1 Na6 11. h3 Nc5 12. Be3 b6 13. a3 Bd7 14. b4 axb4 15. axb4
Rxa1 16. Qxa1 Nb3 17. Qb2 Nd4 18. Nd3 Nh5 19. Bxd4 exd4 20. Ne2 Re8 21. g4 Nf6
22. f3 h5 23. g5 Nh7 24. h4 f6 25. f4 c5 26. bxc5 bxc5 27. Ra1 fxg5 28. fxg5
Qb8 29. Qxb8 Rxb8 30. Nef4 Nf8 31. Ra6 Rb1+ 32. Kh2 Be5 33. Nxe5 dxe5 34. Nd3
Bg4 35. Nxe5 Be2 36. Ra2 d3 37. Rd2 Rc1 38. Nxd3 Bxd3 39. Rxd3 Nd7 40. Bh3 Ne5
41. d6 Rc2+ 42. Kg3 Nxd3 43. d7 1-0

[Event "BL 1819 SV 1920 Hofheim - SV Werder Bre"]
[Site "?"]
[Date "2019.03.24"]
[Round "13.2"]
[White "Ginsburg, Gennadi"]
[Black "Efimenko, Zahar"]
[Result "1/2-1/2"]
[WhiteElo "2423"]
[BlackElo "2638"]
[PlyCount "84"]
[EventDate "2019.??.??"]

1. e4 g6 2. d4 Bg7 3. Nc3 d6 4. Nf3 Bg4 5. Be3 Nf6 6. Be2 O-O 7. Qd2 Nbd7 8.
O-O e5 9. dxe5 dxe5 10. h3 Bxf3 11. Bxf3 c6 12. Rfd1 Re8 13. Qe2 Qe7 14. Qc4
Bf8 15. a4 a5 16. Bg4 Nc5 17. Rd2 h5 18. Be2 Ne6 19. Qa2 Qc7 20. Bc4 Bb4 21.
Bxe6 Rxe6 22. Qc4 Ne8 23. f3 Rd8 24. Rxd8 Qxd8 25. Rd1 Rd6 26. Rd3 Nc7 27. Bb6
Rxd3 28. cxd3 Qd6 29. Bxc7 Qxc7 30. Nd5 Qd6 31. Nxb4 axb4 32. Kf2 h4 33. Ke3
Qe7 34. Kf2 Qd6 35. b3 Kg7 36. Ke3 Qe7 37. Kf2 Qd8 38. Qxb4 Qxd3 39. Qxb7 Qd2+
40. Kf1 Qd1+ 41. Kf2 Qd2+ 42. Kf1 Qd1+ 1/2-1/2

[Event "BL 1819 SV 1920 Hofheim - SV Werder Bre"]
[Site "?"]
[Date "2019.03.24"]
[Round "13.3"]
[White "Nyback, Tomi"]
[Black "Womacka, Mathias"]
[Result "1-0"]
[WhiteElo "2566"]
[BlackElo "2457"]
[PlyCount "99"]
[EventDate "2019.??.??"]

1. d4 Nf6 2. c4 e6 3. Nf3 Bb4+ 4. Bd2 Qe7 5. g3 Bxd2+ 6. Qxd2 Nc6 7. b3 d5 8.
Bg2 O-O 9. O-O dxc4 10. bxc4 e5 11. d5 Nb8 12. Nc3 Na6 13. Qe3 Ng4 14. Qc1 f5
15. Nd2 Bd7 16. Nb3 e4 17. Nd1 c6 18. f3 Nf6 19. fxe4 fxe4 20. Nc3 Qe5 21. Qd2
cxd5 22. Nxd5 Ng4 23. h3 Nh6 24. Qc3 Qxc3 25. Nxc3 Nf5 26. g4 Ne3 27. Rxf8+
Rxf8 28. Bxe4 Bc6 29. Nd5 Re8 30. Nxe3 Rxe4 31. Kf2 Rf4+ 32. Ke1 Nc7 33. Rd1
Re4 34. Rd8+ Kf7 35. Nf5 Rxc4 36. Na5 Rc5 37. Nxc6 Rxc6 38. Rd7+ Kf6 39. Nxg7
Ke5 40. Re7+ Kd5 41. Nf5 h6 42. h4 b5 43. h5 a5 44. g5 hxg5 45. e4+ Kc5 46. h6
Kb6 47. Kd2 Na6 48. h7 Rc8 49. Re6+ Ka7 50. Rh6 1-0

[Event "BL 1819 SV 1920 Hofheim - SV Werder Bre"]
[Site "?"]
[Date "2019.03.24"]
[Round "13.4"]
[White "Lobzhanidze, Davit"]
[Black "Spoelman, Wouter"]
[Result "1/2-1/2"]
[WhiteElo "2420"]
[BlackElo "2581"]
[PlyCount "131"]
[EventDate "2019.??.??"]

1. e4 c5 2. Nf3 e6 3. d4 cxd4 4. Nxd4 a6 5. Bd3 g6 6. O-O Bg7 7. Be3 Ne7 8. Nc3
d5 9. exd5 Nxd5 10. Nxd5 Qxd5 11. c3 O-O 12. Qc2 Qd6 13. Rad1 Qc7 14. Nb3 Nd7
15. Be2 Re8 16. Qd2 Nf6 17. Bf3 e5 18. Qd6 Qc4 19. Bg5 Ne4 20. Bxe4 Qxe4 21.
Nc5 Qg4 22. Be3 Bf5 23. f3 Qc4 24. Qd5 Qxd5 25. Rxd5 Rad8 26. Rfd1 Rxd5 27.
Rxd5 Bc8 28. a4 f5 29. a5 Kf7 30. Na4 Be6 31. Rd2 Bf8 32. Nc5 Bc8 33. Na4 Be7
34. Bc5 Bg5 35. Rd1 e4 36. fxe4 Rxe4 37. Nb6 Be6 38. Kf2 h5 39. Re1 Rg4 40. g3
h4 41. Bd6 f4 42. gxf4 Bxf4 43. Bxf4 Rxf4+ 44. Ke3 g5 45. Re2 Kf6 46. b4 Kf5
47. Na4 Re4+ 48. Kf2 Rc4 49. Nc5 Bd5 50. Re3 Rg4 51. Re2 Rf4+ 52. Ke3 Kg4 53.
Rf2 Bf3 54. Rf1 h3 55. Rf2 Rf8 56. Nd3 Re8+ 57. Kd4 Re4+ 58. Kc5 Re3 59. Kd4
Re4+ 60. Kc5 Bg2 61. Kd6 Kh4 62. Ne5 g4 63. Rf8 Kg5 64. Rg8+ Kf5 65. Rf8+ Kg5
66. Rg8+ 1/2-1/2

[Event "BL 1819 SV 1920 Hofheim - SV Werder Bre"]
[Site "?"]
[Date "2019.03.24"]
[Round "13.5"]
[White "Werle, Jan"]
[Black "Gurevich, Vladimir"]
[Result "1/2-1/2"]
[WhiteElo "2552"]
[BlackElo "2472"]
[PlyCount "178"]
[EventDate "2019.??.??"]

1. d4 Nf6 2. c4 e6 3. Nf3 b6 4. a3 Ba6 5. Qc2 Bb7 6. Nc3 c5 7. e4 cxd4 8. Nxd4
d6 9. Be2 Be7 10. Be3 a6 11. O-O O-O 12. f4 Nbd7 13. f5 e5 14. Nb3 Rc8 15. Qd3
Rc7 16. Rac1 Qa8 17. Nd5 Nxd5 18. cxd5 Rxc1 19. Rxc1 Rc8 20. Rc3 Rxc3 21. Qxc3
Qd8 22. Qc1 h6 23. Kf2 Bg5 24. Bxg5 hxg5 25. Nd2 Nf6 26. Qc3 b5 27. h3 Qb6+ 28.
Qe3 Qc7 29. Qc3 Qb6+ 30. Kf1 Kf8 31. b4 Ke7 32. Bf3 Kd8 33. Nb3 Bc8 34. Qc1 Qc7
35. Qxc7+ Kxc7 36. Ke2 g6 37. g4 gxf5 38. gxf5 Bd7 39. Kf2 Kd8 40. Kg3 Ke7 41.
Nd2 Kf8 42. Nf1 Kg7 43. Kf2 Kh6 44. Ne3 Kg7 45. Ke2 Kf8 46. Kd3 Kg7 47. Nf1 Kh6
48. Ke3 Kg7 49. Nd2 Kf8 50. Be2 Ke7 51. Nb3 Kf8 52. Bf3 Kg7 53. Na5 Kf8 54. Kf2
Ke7 55. Kg3 Kf8 56. h4 gxh4+ 57. Kxh4 Ke7 58. Kg5 Nh7+ 59. Kh6 Nf6 60. Nc6+ Kf8
61. Na5 Ke7 62. Nb3 Kf8 63. Nd2 Ng8+ 64. Kg5 Kg7 65. Nf1 Nf6 66. Ne3 Nh7+ 67.
Kh4 Nf6 68. Nf1 Nh7 69. Nd2 Nf6 70. Nb3 Nh7 71. Be2 Nf6 72. Bd3 Kf8 73. Kg3 Ke7
74. Nd2 Kd8 75. Nb1 Ke7 76. Nc3 Ne8 77. Bc2 Nf6 78. Kf3 Kd8 79. a4 bxa4 80.
Bxa4 Bxa4 81. Nxa4 Nd7 82. Ke3 Kc7 83. Kd3 Nf6 84. Nb2 Ng4 85. Nc4 Nf2+ 86. Ke3
Nd1+ 87. Kd2 Nf2 88. Ke3 Nd1+ 89. Kd2 Nf2 1/2-1/2

[Event "BL 1819 SV 1920 Hofheim - SV Werder Bre"]
[Site "?"]
[Date "2019.03.24"]
[Round "13.6"]
[White "Margolin, Boris"]
[Black "Markgraf, Alexander"]
[Result "1/2-1/2"]
[WhiteElo "2395"]
[BlackElo "2497"]
[PlyCount "87"]
[EventDate "2019.??.??"]

1. e4 c5 2. Nf3 e6 3. c4 Nc6 4. Nc3 Nd4 5. Nxd4 cxd4 6. Ne2 e5 7. Ng3 g6 8. Be2
h5 9. O-O h4 10. Nh1 Bh6 11. d3 d6 12. f4 Kf8 13. Bg4 Kg7 14. Bxc8 Rxc8 15. Qf3
Nf6 16. Nf2 Qd7 17. Kh1 Rcf8 18. Nh3 Qg4 19. b3 Qxf3 20. gxf3 Nh5 21. fxe5 Bxc1
22. Raxc1 dxe5 23. f4 f6 24. Rf2 Rf7 25. Kg2 Rhf8 26. Rcf1 Re7 27. fxe5 Rxe5
28. Nf4 Nxf4+ 29. Rxf4 b5 30. cxb5 Rc5 31. R1f2 Rxb5 32. Rc2 g5 33. Rf1 Rf7 34.
h3 Ra5 35. Rff2 Ra6 36. Rc5 Rd7 37. Kf3 Rdd6 38. Rfc2 Ra3 39. Kg4 Kg6 40. Rf5
Re6 41. Re2 Raa6 42. Rc2 Ra3 43. Re2 Raa6 44. Rc2 1/2-1/2

[Event "BL 1819 SV 1920 Hofheim - SV Werder Bre"]
[Site "?"]
[Date "2019.03.24"]
[Round "13.8"]
[White "Brendel, Oliver"]
[Black "Fish, Gennadij"]
[Result "1/2-1/2"]
[WhiteElo "2337"]
[BlackElo "2455"]
[PlyCount "43"]
[EventDate "2019.??.??"]

1. c4 c5 2. g3 Nc6 3. Bg2 g6 4. Nf3 Bg7 5. Nc3 Nf6 6. d4 cxd4 7. Nxd4 Nxd4 8.
Qxd4 O-O 9. O-O d6 10. Qd3 a6 11. Be3 Bf5 12. Qd2 Qd7 13. Rfd1 Rab8 14. Bb6 Bh3
15. Bh1 Qg4 16. b3 Qh5 17. Rac1 Be6 18. Bf3 Bg4 19. Bg2 Bh3 20. Bf3 Bg4 21. Bg2
Bh3 22. Bf3 1/2-1/2

[Event "BL 1819 Hamburger SK - SF Deizisau"]
[Site "?"]
[Date "2019.03.24"]
[Round "13.3"]
[White "Meier, Georg"]
[Black "Kempinski, Robert"]
[Result "1/2-1/2"]
[WhiteElo "2621"]
[BlackElo "2572"]
[PlyCount "40"]
[EventDate "2019.??.??"]

1. Nf3 Nf6 2. g3 b6 3. Bg2 Bb7 4. c4 c5 5. O-O g6 6. b3 Bg7 7. Bb2 O-O 8. Nc3
d5 9. Nxd5 Nxd5 10. Bxg7 Kxg7 11. cxd5 Qxd5 12. d4 Na6 13. dxc5 Nxc5 14. Qxd5
Bxd5 15. Rfd1 Rfd8 16. Rac1 Kf6 17. h4 h6 18. b4 Ne6 19. a3 Bb3 20. Rxd8 Rxd8
1/2-1/2

[Event "BL 1819 Hamburger SK - SF Deizisau"]
[Site "?"]
[Date "2019.03.24"]
[Round "13.4"]
[White "Ftacnik, Lubomir"]
[Black "Nielsen, Peter Heine"]
[Result "1-0"]
[WhiteElo "2513"]
[BlackElo "2635"]
[PlyCount "73"]
[EventDate "2019.??.??"]

1. d4 Nf6 2. Nf3 d5 3. c4 e6 4. g3 Be7 5. Bg2 O-O 6. O-O dxc4 7. Qc2 c6 8. Qxc4
b5 9. Qc2 Bb7 10. Nc3 Nbd7 11. a3 c5 12. dxc5 Nxc5 13. b4 Nce4 14. Ng5 Rc8 15.
Ngxe4 Nxe4 16. Bxe4 Bxe4 17. Qxe4 Rxc3 18. Bb2 Rc4 19. Qe5 Bf6 20. Qxb5 Rc2 21.
Bxf6 Qxf6 22. Rac1 Rxc1 23. Rxc1 Qb2 24. Rc7 Qxa3 25. Qc5 h5 26. Rxa7 Qb2 27.
Qc4 Rd8 28. Qf4 Qb1+ 29. Kg2 f6 30. Qc4 Qf5 31. e4 Qe5 32. Ra5 Qd6 33. Ra6 Qd7
34. Rxe6 Kh8 35. h4 Rb8 36. Ra6 Qb7 37. Ra5 1-0

[Event "BL 1819 Hamburger SK - SF Deizisau"]
[Site "?"]
[Date "2019.03.24"]
[Round "13.5"]
[White "Krasenkow, Michal"]
[Black "Heinemann, Thies"]
[Result "1-0"]
[WhiteElo "2616"]
[BlackElo "2509"]
[PlyCount "81"]
[EventDate "2019.??.??"]

1. d4 Nf6 2. c4 e6 3. Nf3 b6 4. a3 Ba6 5. Qc2 Bb7 6. Nc3 c5 7. e4 cxd4 8. Nxd4
Bc5 9. Nf3 Ng4 10. Bg5 f6 11. Bh4 Nc6 12. Be2 Rc8 13. O-O Nge5 14. Nxe5 Nxe5
15. Rad1 a6 16. Rd2 O-O 17. b4 Be7 18. Rfd1 g5 19. Bg3 Rc7 20. Na4 b5 21. Nb6
Bc6 22. c5 Rb7 23. Bxe5 fxe5 24. Bg4 Kg7 25. Nxd7 Rxd7 26. Rxd7 Bxd7 27. c6 Bc8
28. Rxd8 Rxd8 29. h3 Rd4 30. Be2 Kf6 31. Kh2 Bd6 32. c7 Be7 33. Qc6 Rd7 34. Bh5
Bd6 35. Be8 Re7 36. Qxd6 Rxe8 37. Qd8+ Kf7 38. Qxg5 Rg8 39. Qxe5 Ke7 40. Qc5+
Kd7 41. e5 1-0